Central Library OPAC University of Rajshahi

The Limitation Act 1963. (Record no. 9155)

MARC details
000 -LEADER
fixed length control field 00767cam a2200265 a 4500
001 - CONTROL NUMBER
control field 9155
003 - CONTROL NUMBER IDENTIFIER
rucl marc code BD-RjUL
005 - DATE AND TIME OF LATEST TRANSACTION
control field 20211208234727.0
008 - FIXED-LENGTH DATA ELEMENTS--GENERAL INFORMATION
fixed length control field 951208r19691966ii b 001 0 eng d
020 ## - INTERNATIONAL STANDARD BOOK NUMBER
International Standard Book Number 8171770371
035 ## - SYSTEM CONTROL NUMBER
System control number (BD-RjUL)9200
040 ## - CATALOGING SOURCE
Original cataloging agency ANL
Language of cataloging eng
Transcribing agency BD-RjUL
Modifying agency BD-RjUL
041 ## - LANGUAGE CODE
Language code of text/sound track or separate title eng
082 04 - DEWEY DECIMAL CLASSIFICATION NUMBER
Classification number 347.54052
Edition number 20
Author mark and year MAL 1969
100 1# - MAIN ENTRY--PERSONAL NAME
Personal name Mallick, J. N.
Dates associated with a name 1930-
9 (RLIN) 28409
245 10 - TITLE STATEMENT
Title The Limitation Act 1963.
246 38 - VARYING FORM OF TITLE
Title proper/short title Limitation Act
260 ## - PUBLICATION, DISTRIBUTION, ETC. (IMPRINT)
Place of publication, distribution, etc. Calcutta :
Name of publisher, distributor, etc. Eastern Law House,
Date of publication, distribution, etc. [1966].reprinted1969
300 ## - PHYSICAL DESCRIPTION
Pagination 1287 p. ;
Size 24 cm.
504 ## - BIBLIOGRAPHY, ETC. NOTE
Bibliography, etc Includes bibliographical references and index.
610 10 - SUBJECT ADDED ENTRY--CORPORATE NAME
Corporate name or jurisdiction name as entry element India.
650 #0 - SUBJECT ADDED ENTRY--TOPICAL TERM
Topical term or geographic name as entry element Limitation of actions
Geographic subdivision India.
9 (RLIN) 28411
700 1# - ADDED ENTRY--PERSONAL NAME
Personal name Mitra, B. B.,
Dates associated with a name -1935.
942 ## - ADDED ENTRY ELEMENTS (KOHA)
Source of classification or shelving scheme Dewey Decimal Classification
Koha item type Books
Holdings
Lost status Source of classification or shelving scheme Damaged status Not for loan Collection code Permanent Location Current Location Shelving location Date acquired Source of acquisition Cost, normal purchase price Total Checkouts Full call number Date last seen Copy number Koha item type
  Dewey Decimal Classification     Non-fiction Central Library, University of Rajshahi Central Library, University of Rajshahi   24/08/1973 Warsi Book Corporation 23.00   347.54052 MAL 1969 20/01/2014 C-2 Books
  Dewey Decimal Classification   Not For Loan Non-fiction Central Library, University of Rajshahi Central Library, University of Rajshahi Reading Room 24/08/1973 warsi book corporation 23.35   347.54052 MAL 1969 22/01/2017 C-1 Books